Statistics for Biggest Landmasses - extreme

Click here to take the quiz!

General Stats

  • This quiz has been taken 68 times
  • The average score is 30 of 50

Answer Stats

Area in km²Landmass% Correct
84,980,532Afro-Eurasia
100%
42,549,000Americas
100%
7,595,342Mainland Australia
98%
2,130,800Greenland
96%
587,041Madagascar
95%
14,200,000Antarctica
93%
111,583North Island
91%
145,836South Island
91%
209,331Great Britain
89%
101,826Iceland
89%
138,794Java
89%
748,168Borneo
88%
105,806Cuba
88%
65,268Sri Lanka
88%
73,929Hispaniola
84%
78,719Hokkaido
84%
225,800Honshu
84%
84,421Ireland
84%
443,065Sumatra
82%
785,753New Guinea
79%
507,451Baffin Island
75%
25,711Sicily
75%
180,681Sulawesi
75%
34,507Taiwan
75%
65,022Tasmania
74%
109,965Luzon
70%
37,437Kyushu
68%
196,236Ellesmere Island
60%
97,530Mindanao
60%
108,860Newfoundland
60%
217,291Victoria Island
60%
28,418Timor
58%
72,493Sakhalin
54%
33,210Hainan
47%
31,285Vancouver Island
40%
70,028Banks Island
39%
47,992Isla Grande de Tierra del Fuego
32%
47,079Severny Island
26%
38,981Spitsbergen
25%
35,145New Britain
23%
33,246Yuzhny Island
23%
55,247Devon Island
19%
41,214Southampton Island
14%
43,178Axel Heiberg Island
12%
40,100Marajó
12%
42,149Melville Island
12%
33,339Prince of Wales Island
12%
49,070Alexander Island
11%
43,873Berkner Island
9%
24,786Somerset Island
7%

Score Distribution

Percentile by Number Answered

Percent of People with Each Score

Your Score History

You have not taken this quiz